000 00733nam a2200253Ia 4500
003 OSt
005 20220918214645.0
006 a|||||r|||| 00| 0
007 ta
008 220917b |||||||| |||| 00| 0 eng d
024 _a138,577
037 _cTextual
040 _aARTS
_cARTS
_beng
041 _2eng
_aeng
082 _aY:4:620aQ, N8
100 _aBeckford James A
_918477
245 0 _aReligion in prison
_b Equal rites in a multi faith society
260 _aCambridge
_bCambridge University Press
_c1998
300 _axiv, 232p.
_ccm.
650 _aSOCIOLOGY
700 _a Gilliat Sophie
_918478
942 _hY:4:620aQ, N8
_cTEXL
_2CC
999 _c261628
_d261628